000
00279nam a2200085Ia 4500
245
0
_a
The voluptuous delights of peanut butter and jam
100
_a
Liebenberg, Lauren, , 1972- Oxford, 2009 Large print ed
_9
86365
942
_c
BK
008
210817s9999 xx 000 0 und d
999
_c
329798
_d
329797